[Event "FC Ergolding 1932-SG Eintracht Neubrande"]
[Site "DVM U14 in Arendsee"]
[Date "2009.12.28"]
[Round "3.1"]
[White "Stövesand, Eric"]
[Black "Oberpriller, Johannes"]
[Result "1/2-1/2"]
[WhiteElo "1889"]
[BlackElo "1735"]
[PlyCount "36"]
[EventDate "2009.??.??"]
[WhiteTeam "SG Eintracht Neubrandenburg"]
[BlackTeam "FC Ergolding 1932"]

1. e4 e6 2. d4 d5 3. Nc3 Bb4 4. e5 Ne7 5. Qg4 O-O 6. Nf3 c5 7. a3 Bxc3+ 8. bxc3
Nbc6 9. Bd3 f5 10. exf6 Rxf6 11. Bg5 e5 12. Qg3 Re6 13. dxe5 c4 14. Be2 Qa5 15.
O-O Qxc3 16. Bf6 Nf5 17. Qg5 g6 18. g4 Nfd4 1/2-1/2

[Event "FC Ergolding 1932-SG Eintracht Neubrande"]
[Site "DVM U14 in Arendsee"]
[Date "2009.12.28"]
[Round "3.2"]
[White "Schnurr, Christian"]
[Black "Baier, Christoph"]
[Result "1/2-1/2"]
[WhiteElo "1709"]
[BlackElo "1846"]
[PlyCount "34"]
[EventDate "2009.??.??"]
[WhiteTeam "FC Ergolding 1932"]
[BlackTeam "SG Eintracht Neubrandenburg"]

1. e4 c5 2. Nf3 d6 3. d4 cxd4 4. Nxd4 Nf6 5. Nc3 g6 6. Be3 Bg7 7. f3 O-O 8. Qd2
Nc6 9. O-O-O Nxd4 10. Bxd4 Be6 11. Nd5 Bxd5 12. exd5 Qc7 13. g4 Rac8 14. Bc3
Nxd5 15. Qxd5 Bxc3 16. bxc3 Qxc3 17. Qb3 Qa1+ 1/2-1/2

[Event "FC Ergolding 1932-SG Eintracht Neubrande"]
[Site "DVM U14 in Arendsee"]
[Date "2009.12.28"]
[Round "3.3"]
[White "Valet, Alexander"]
[Black "Schoepe, Tobias"]
[Result "1/2-1/2"]
[WhiteElo "1781"]
[BlackElo "1696"]
[PlyCount "74"]
[EventDate "2009.??.??"]
[WhiteTeam "SG Eintracht Neubrandenburg"]
[BlackTeam "FC Ergolding 1932"]

1. e4 c5 2. Nc3 e6 3. g3 Nc6 4. Bg2 d6 5. d3 g6 6. f4 Bg7 7. Nf3 Nge7 8. O-O
O-O 9. Be3 f5 10. Rb1 Kh8 11. Qd2 a5 12. Rfd1 Nd4 13. Ne2 Nec6 14. c3 Nxf3+ 15.
Bxf3 e5 16. Bg2 Qe7 17. fxe5 dxe5 18. Rf1 Be6 19. a3 a4 20. Rf2 Rad8 21. Bg5
Bf6 22. Bxf6+ Rxf6 23. Qe3 fxe4 24. Rxf6 Qxf6 25. Bxe4 Bg4 26. Rf1 Qe7 27. Kh1
Bh3 28. Rf2 Bg4 29. Ng1 Na5 30. Nf3 Bxf3+ 31. Qxf3 c4 32. Rd2 Nb3 33. Rd1 Nc5
34. Qe3 cxd3 35. Bxd3 Nxd3 36. Rxd3 Rxd3 37. Qxd3 Qf6 1/2-1/2

[Event "FC Ergolding 1932-SG Eintracht Neubrande"]
[Site "DVM U14 in Arendsee"]
[Date "2009.12.28"]
[Round "3.4"]
[White "Laimer, Tobias"]
[Black "Stövesand, Peter"]
[Result "0-1"]
[WhiteElo "1646"]
[BlackElo "1613"]
[PlyCount "106"]
[EventDate "2009.??.??"]
[WhiteTeam "FC Ergolding 1932"]
[BlackTeam "SG Eintracht Neubrandenburg"]

1. e4 e5 2. Nf3 Nc6 3. d4 exd4 4. Nxd4 Bc5 5. Nb3 Bb6 6. Bc4 d6 7. Nc3 Qf6 8.
Qe2 Nge7 9. h4 h6 10. Bb5 Bd7 11. Be3 O-O-O 12. O-O-O Ne5 13. Bxb6 axb6 14.
Bxd7+ Rxd7 15. g4 g6 16. g5 hxg5 17. hxg5 Qxg5+ 18. Kb1 Rxh1 19. Rxh1 Qg4 20.
Qd2 Rd8 21. Nd4 Nf3 22. Qe2 Ne5 23. Qd2 Nd7 24. f3 Qg3 25. b3 Qe5 26. Rh7 Qf6
27. Rh1 Rh8 28. Rxh8+ Qxh8 29. Ncb5 Nc6 30. Nxc6 bxc6 31. Nd4 Kb7 32. c3 Qe5
33. Kc2 Nc5 34. b4 Nd7 35. Ne2 d5 36. exd5 Qxd5 37. Qxd5 cxd5 38. Kd3 c6 39.
Kd4 Kc7 40. Ng3 Kd6 41. f4 f6 42. a4 c5+ 43. Ke3 Nb8 44. Kd3 Na6 45. b5 c4+ 46.
Kd4 Nc5 47. f5 g5 48. Nh5 g4 49. Nxf6 g3 50. Ke3 Nxa4 51. Nh7 Nxc3 52. Kf3 Ne4
53. f6 Ke6 0-1

[Event "Sabt Frankfurter TV 1860-Aachener SV 185"]
[Site "DVM U14 in Arendsee"]
[Date "2009.12.28"]
[Round "3.1"]
[White "Titgemeyer, Sven"]
[Black "Medvedovski, Michael"]
[Result "1/2-1/2"]
[WhiteElo "1907"]
[BlackElo "1768"]
[PlyCount "82"]
[EventDate "2009.??.??"]
[WhiteTeam "Aachener SV 1856"]
[BlackTeam "Sabt Frankfurter TV 1860"]

1. e4 c5 2. Nf3 Nc6 3. d4 cxd4 4. Nxd4 e5 5. Nb5 d6 6. c4 a6 7. N5c3 Nf6 8. Na3
Be7 9. Bd3 Be6 10. Nc2 O-O 11. O-O Rc8 12. b3 Nd7 13. Ne3 Nc5 14. Ncd5 Bg5 15.
Bb2 Ne7 16. Bc2 b5 17. Nxe7+ Bxe7 18. cxb5 axb5 19. a4 bxa4 20. bxa4 Qb6 21.
Ba3 Qb7 22. Rb1 Qc6 23. Nd5 Bd8 24. Bb4 f5 25. Bxc5 Bxd5 26. Bxd6 Qxd6 27. exd5
Rc5 28. Rb7 Kh8 29. Rb5 Ba5 30. Bb3 Rfc8 31. Qd3 e4 32. Qd4 Bb6 33. Qb4 Bd8 34.
g3 Be7 35. Rb6 Qe5 36. Qd2 Bd6 37. a5 Rc3 38. a6 Bc5 39. Re6 e3 40. Qa2 exf2+
41. Kg2 Qb8 1/2-1/2

[Event "Sabt Frankfurter TV 1860-Aachener SV 185"]
[Site "DVM U14 in Arendsee"]
[Date "2009.12.28"]
[Round "3.2"]
[White "Diyap, Murat"]
[Black "Falter, Lennart"]
[Result "1/2-1/2"]
[WhiteElo "1678"]
[BlackElo "1861"]
[PlyCount "61"]
[EventDate "2009.??.??"]
[WhiteTeam "Sabt Frankfurter TV 1860"]
[BlackTeam "Aachener SV 1856"]

1. e4 e5 2. Nf3 Nc6 3. Bc4 Nf6 4. Ng5 d5 5. exd5 b5 6. Bf1 Nd4 7. c3 Nxd5 8.
Ne4 Ne6 9. Bxb5+ Bd7 10. Bxd7+ Qxd7 11. O-O c5 12. Re1 Be7 13. Na3 Ndf4 14. d4
cxd4 15. Bxf4 Nxf4 16. cxd4 Qxd4 17. Qxd4 exd4 18. Nb5 Ne6 19. Rad1 Rb8 20.
Nxd4 Rxb2 21. Nxe6 fxe6 22. Nd6+ Bxd6 23. Rxd6 Rxa2 24. Rdxe6+ Kf7 25. Re7+ Kg6
26. R1e6+ Kh5 27. h3 g6 28. Rd6 a5 29. Re5+ Kh6 30. Ra6 Rb8 31. Rexa5 1/2-1/2

[Event "Sabt Frankfurter TV 1860-Aachener SV 185"]
[Site "DVM U14 in Arendsee"]
[Date "2009.12.28"]
[Round "3.3"]
[White "Hagmanns, Raphael"]
[Black "Abrahamyan, Arsen"]
[Result "1-0"]
[WhiteElo "1578"]
[BlackElo "1599"]
[PlyCount "116"]
[EventDate "2009.??.??"]
[WhiteTeam "Aachener SV 1856"]
[BlackTeam "Sabt Frankfurter TV 1860"]

1. e4 e6 2. d4 d5 3. Nd2 Nf6 4. Bd3 c5 5. c3 Nc6 6. Ne2 Be7 7. O-O O-O 8. e5
Nd7 9. f4 f6 10. Nf3 c4 11. Bc2 Qb6 12. Kh1 Qd8 13. Neg1 f5 14. Nh3 h6 15. Rg1
g6 16. g4 Kf7 17. Qe2 Nb6 18. Ne1 Rg8 19. gxf5 exf5 20. Ng2 Be6 21. Ne3 Qf8 22.
Bd2 Ke8 23. Raf1 Kd7 24. Rf2 Qf7 25. b3 Na5 26. Qf3 Rab8 27. b4 Nc6 28. a4 Kc7
29. Rfg2 Rg7 30. a5 Nd7 31. Nf2 Rf8 32. Qh3 g5 33. Qf3 g4 34. Qe2 h5 35. Be1
Rh8 36. Nfd1 h4 37. Qf1 Nf8 38. Re2 Ng6 39. Nb2 h3 40. Bg3 Nh4 41. Qb1 Nf3 42.
Rf1 Rh5 43. Na4 b6 44. axb6+ axb6 45. Qa2 Rg8 46. Nxb6 Kxb6 47. Ra1 Bxb4 48.
Qa6+ Kc7 49. cxb4 Rb8 50. b5 Rb6 51. Qa8 Rxb5 52. Ba4 Rb7 53. Bxc6 Kxc6 54.
Ra6+ Kc7 55. Rb2 Bc8 56. e6 Rxb2 57. Nxd5+ Kd8 58. Rd6+ Qd7 1-0

[Event "Sabt Frankfurter TV 1860-Aachener SV 185"]
[Site "DVM U14 in Arendsee"]
[Date "2009.12.28"]
[Round "3.4"]
[White "Keller, Peter"]
[Black "Ucaroglu, Melih Furkan"]
[Result "1-0"]
[WhiteElo "1621"]
[BlackElo "1392"]
[PlyCount "53"]
[EventDate "2009.??.??"]
[WhiteTeam "Sabt Frankfurter TV 1860"]
[BlackTeam "Aachener SV 1856"]

1. e4 e5 2. Nf3 Nc6 3. Bc4 Nf6 4. d3 Be7 5. O-O d6 6. c3 O-O 7. Bb3 h6 8. Re1
Bg4 9. Nbd2 Na5 10. Bc2 c5 11. Nf1 Nc6 12. h3 Bd7 13. Ng3 Nh7 14. d4 cxd4 15.
cxd4 Qc7 16. Bb3 Rad8 17. Be3 b6 18. Rc1 Qb8 19. a3 Kh8 20. Bd5 Na5 21. b4 Nb7
22. Qb3 f6 23. Nh4 Be8 24. Nhf5 Rd7 25. Be6 Rc7 26. Rxc7 Qxc7 27. Rc1 1-0

[Event "SG Grün-Weiß Baumschulenweg-SF Paderborn"]
[Site "DVM U14 in Arendsee"]
[Date "2009.12.28"]
[Round "3.1"]
[White "Hötte, Philipp"]
[Black "Mittelstädt, Joel"]
[Result "1-0"]
[WhiteElo "1836"]
[BlackElo "1626"]
[PlyCount "87"]
[EventDate "2009.??.??"]
[WhiteTeam "SF Paderborn 2000"]
[BlackTeam "SG Grün-Weiß Baumschulenweg"]

1. Nf3 c6 2. b3 d5 3. Bb2 Bg4 4. d4 Nd7 5. Nbd2 Ngf6 6. e3 Qc7 7. Be2 e6 8. c4
Bb4 9. a3 Bd6 10. c5 Be7 11. b4 O-O 12. O-O b5 13. cxb6 axb6 14. Rc1 Qb7 15.
Qb3 b5 16. Bd3 Bxf3 17. Nxf3 h6 18. Ne5 Nxe5 19. dxe5 Nd7 20. Bb1 Rfc8 21. Qc2
Nf8 22. f4 f5 23. exf6 Bxf6 24. Bxf6 gxf6 25. Qe2 f5 26. Qh5 Qg7 27. Rf3 Kh7
28. Rh3 Rxa3 29. Bxf5+ Kh8 30. Bxe6 Rca8 31. Bf5 Rb3 32. Qxh6+ Qxh6 33. Rxh6+
Kg7 34. Rhxc6 Rxe3 35. Rd6 Re2 36. Rxd5 Raa2 37. Bh3 Ng6 38. Rf1 Nh4 39. Rh5
Ng6 40. f5 Nf8 41. f6+ Kf7 42. Rxb5 Nh7 43. Rb7+ Kf8 44. Rxh7 1-0

[Event "SG Grün-Weiß Baumschulenweg-SF Paderborn"]
[Site "DVM U14 in Arendsee"]
[Date "2009.12.28"]
[Round "3.2"]
[White "Kümpfel, Max"]
[Black "Kuckling, Hannah"]
[Result "0-1"]
[WhiteElo "1542"]
[BlackElo "1647"]
[PlyCount "50"]
[EventDate "2009.??.??"]
[WhiteTeam "SG Grün-Weiß Baumschulenweg"]
[BlackTeam "SF Paderborn 2000"]

1. e4 c5 2. Nf3 Nc6 3. d4 cxd4 4. Nxd4 e6 5. c4 Nf6 6. Nc3 Bb4 7. f3 O-O 8. Be3
Qa5 9. Qd2 b6 10. Nb3 Bxc3 11. Qxc3 Qxc3+ 12. bxc3 Ba6 13. Nd4 Ne5 14. Nb5 Rfc8
15. c5 bxc5 16. Nd6 Bxf1 17. Nxc8 Bxg2 18. Rg1 Nxf3+ 19. Kf2 Nxg1 20. Kxg2 Rxc8
21. Rxg1 Nxe4 22. Kf3 Nxc3 23. Bh6 g6 24. h4 d5 25. h5 Ne4 0-1

[Event "SG Grün-Weiß Baumschulenweg-SF Paderborn"]
[Site "DVM U14 in Arendsee"]
[Date "2009.12.28"]
[Round "3.3"]
[White "Masalsky, Nicolai"]
[Black "Spilke, Paul"]
[Result "0-1"]
[WhiteElo "1622"]
[BlackElo "1589"]
[PlyCount "150"]
[EventDate "2009.??.??"]
[WhiteTeam "SF Paderborn 2000"]
[BlackTeam "SG Grün-Weiß Baumschulenweg"]

1. e4 e6 2. Nf3 d5 3. Nc3 Nf6 4. exd5 exd5 5. d4 c6 6. Bd3 Bd6 7. O-O O-O 8.
Re1 Bg4 9. h3 Bh5 10. Bg5 Nbd7 11. Be2 h6 12. Bh4 Qc7 13. Bxf6 Nxf6 14. Nh4
Bxe2 15. Rxe2 Rfe8 16. Nf5 Bf8 17. Qd2 Rxe2 18. Qxe2 Re8 19. Qd2 Re6 20. g3 Qd7
21. Kg2 Ne4 22. Nxe4 Rxe4 23. Ne3 f5 24. Re1 g6 25. c3 Qe8 26. a3 Qf7 27. Nc2
Qe8 28. Ne3 Kh7 29. b4 Be7 30. h4 Bd8 31. f3 Re6 32. Kf2 f4 33. Nc2 fxg3+ 34.
Kxg3 Bc7+ 35. Kg2 Rxe1 36. Nxe1 Qe7 37. Qf2 Bd8 38. Kh3 Qe6+ 39. Kg2 Qf6 40.
Kh3 Qf5+ 41. Kg2 Qh5 42. Kh3 g5 43. Ng2 gxh4 44. Ne3 Qg6 45. Qh2 Qe6+ 46. Ng4
h5 47. Qc2+ Kg7 48. Qf2 hxg4+ 49. fxg4 Qd6 50. Kg2 Qg3+ 51. Qxg3 hxg3 52. Kxg3
Bg5 53. a4 Bd2 54. b5 Bxc3 55. bxc6 bxc6 56. Kf3 Bxd4 57. Ke2 Bb6 58. Kd3 c5
59. Kc3 d4+ 60. Kd3 Kg6 61. Kd2 Kg5 62. Kd3 Kxg4 63. a5 Bxa5 64. Kc2 c4 65. Kd1
Kf3 66. Kc1 d3 67. Kd1 c3 68. Kc1 d2+ 69. Kd1 c2+ 70. Kxc2 Ke2 71. Kb2 d1=Q 72.
Ka2 Qd4 73. Kb3 Qb4+ 74. Ka2 Kd2 75. Ka1 Kc2 0-1

[Event "SG Grün-Weiß Baumschulenweg-SF Paderborn"]
[Site "DVM U14 in Arendsee"]
[Date "2009.12.28"]
[Round "3.4"]
[White "Fartmann, Oliver"]
[Black "Gehle, Philipp"]
[Result "1-0"]
[WhiteElo "1439"]
[BlackElo "1379"]
[PlyCount "141"]
[EventDate "2009.??.??"]
[WhiteTeam "SG Grün-Weiß Baumschulenweg"]
[BlackTeam "SF Paderborn 2000"]

1. d4 d5 2. c4 c6 3. Nf3 Nf6 4. Qb3 dxc4 5. Qxc4 Bf5 6. Bf4 e6 7. e3 Nbd7 8.
Bd3 Bxd3 9. Qxd3 c5 10. Nc3 cxd4 11. exd4 Bb4 12. O-O O-O 13. Rfd1 Bxc3 14.
bxc3 Rc8 15. c4 Nb6 16. Rac1 h6 17. Qb3 Qd7 18. c5 Nbd5 19. Bd6 Rfe8 20. Ne5
Qd8 21. Qxb7 Ne7 22. Rb1 Nfd5 23. Rd2 Qa5 24. Nc4 Qc3 25. Qb3 Nf5 26. Qxc3 Nxc3
27. Re1 Nb5 28. d5 Nfxd6 29. Nxd6 Nxd6 30. cxd6 exd5 31. Rxe8+ Rxe8 32. Kf1 f6
33. f4 Kf7 34. Rxd5 Ke6 35. Ra5 Ra8 36. Ra6 Kd7 37. Ke2 g5 38. Kf3 h5 39. fxg5
fxg5 40. Ke4 Ke6 41. Kd4 Rd8 42. Kc5 Rc8+ 43. Rc6 Rd8 44. d7+ Ke7 45. Rc7 Rxd7
46. Rxd7+ Kxd7 47. Kd5 g4 48. g3 a5 49. a4 Ke7 50. Kc5 Ke6 51. Kb5 Ke5 52. Kxa5
Ke4 53. Kb4 Kf3 54. a5 Kg2 55. a6 Kxh2 56. a7 Kxg3 57. a8=Q h4 58. Qh1 h3 59.
Kc3 Kf2 60. Qh2+ Kf3 61. Kd2 g3 62. Qxh3 Kf2 63. Qf5+ Kg1 64. Ke2 g2 65. Qg4
Kh2 66. Qh4+ Kg1 67. Qg3 Kh1 68. Qh3+ Kg1 69. Kf3 Kf1 70. Qxg2+ Ke1 71. Qe2#
1-0

[Event "Stader SV-USV TU Dresden"]
[Site "DVM U14 in Arendsee"]
[Date "2009.12.28"]
[Round "3.1"]
[White "Osmanodja, Filiz"]
[Black "Lienau, Henrik"]
[Result "1-0"]
[WhiteElo "2034"]
[BlackElo "1707"]
[PlyCount "105"]
[EventDate "2009.??.??"]
[WhiteTeam "USV TU Dresden"]
[BlackTeam "Stader SV"]

1. e4 c5 2. Nf3 d6 3. d4 cxd4 4. Nxd4 Nf6 5. Nc3 g6 6. Be3 Bg7 7. f3 O-O 8. Qd2
Nc6 9. Bc4 Bd7 10. O-O-O Rc8 11. Bb3 Ne5 12. Kb1 a5 13. a4 Nc4 14. Bxc4 Rxc4
15. b3 Rc8 16. Ndb5 Bxb5 17. Nxb5 Nd7 18. Bd4 Ne5 19. h4 h5 20. Qf2 Qd7 21. Bb2
Nc6 22. g4 Bxb2 23. Kxb2 hxg4 24. h5 g5 25. Qe3 f6 26. Rhg1 Ne5 27. f4 gxf4 28.
Qxf4 Kh7 29. Nd4 Rg8 30. Nf5 Rg5 31. Rg2 Qc7 32. Nd4 Qd7 33. Nf5 Qc7 34. Nd4
Qd7 35. Kb1 Kh8 36. Rdg1 Kh7 37. Rh1 Rcg8 38. Rhg1 Rxh5 39. Rh2 Rxh2 40. Qxh2+
Kg6 41. Nf5 e6 42. Qh6+ Kf7 43. Qh7+ Kf8 44. Qh6+ Ke8 45. Nd4 Qf7 46. Qd2 b6
47. Nb5 Qd7 48. Qf2 Qd8 49. Rd1 Nf7 50. Nd4 Ng5 51. Qe2 g3 52. Rg1 Ke7 53. Nc6+
1-0

[Event "Stader SV-USV TU Dresden"]
[Site "DVM U14 in Arendsee"]
[Date "2009.12.28"]
[Round "3.2"]
[White "Vogt, Marc Jonas"]
[Black "Neef, Maximilian"]
[Result "0-1"]
[WhiteElo "1544"]
[BlackElo "1859"]
[PlyCount "80"]
[EventDate "2009.??.??"]
[WhiteTeam "Stader SV"]
[BlackTeam "USV TU Dresden"]

1. e4 e6 2. d4 d5 3. exd5 exd5 4. Bd3 Bd6 5. Ne2 Nc6 6. Nbc3 Nge7 7. Be3 a6 8.
a3 Be6 9. Qd2 Qd7 10. Bf4 O-O 11. O-O b5 12. Bxd6 Qxd6 13. b4 Rfe8 14. Nd1 Nc8
15. Ne3 Qd7 16. c3 N6e7 17. Nf4 Nd6 18. Nxe6 Qxe6 19. Qc2 g6 20. Rfe1 Qd7 21.
a4 c6 22. h3 Kg7 23. Ng4 f6 24. Qd2 Nef5 25. Rxe8 Rxe8 26. axb5 axb5 27. Qf4
Qe7 28. Bxf5 Nxf5 29. Ra6 Qb7 30. Ra1 Re4 31. Qd2 Qe7 32. Nh2 Re2 33. Qd1 Rxf2
34. Ra7 Rxg2+ 35. Kxg2 Qxa7 36. Qd2 Qc7 37. Qf2 Qe7 38. Qf4 Qe2+ 39. Kh1 Qe1+
40. Kg2 Nh4+ 0-1

[Event "Stader SV-USV TU Dresden"]
[Site "DVM U14 in Arendsee"]
[Date "2009.12.28"]
[Round "3.3"]
[White "Pfefferkorn, Kai"]
[Black "Schwarz, Nico"]
[Result "0-1"]
[WhiteElo "1530"]
[BlackElo "1341"]
[PlyCount "160"]
[EventDate "2009.??.??"]
[WhiteTeam "USV TU Dresden"]
[BlackTeam "Stader SV"]

1. e4 c5 2. Nf3 d6 3. d4 cxd4 4. Nxd4 Nf6 5. Nc3 a6 6. Be3 b5 7. f3 Nbd7 8. Qd2
e6 9. O-O-O Bb7 10. Be2 Rc8 11. g4 Nb6 12. g5 Nfd7 13. Nb3 Nc4 14. Bxc4 bxc4
15. Nd4 Nc5 16. Nde2 Qa5 17. Kb1 Rb8 18. Bxc5 Qxc5 19. Qd4 Qxg5 20. Qxc4 Qd8
21. Qd4 Bc6 22. Qc4 Qb6 23. Qb3 Qxb3 24. axb3 Rd8 25. Nd4 Bb7 26. Rhe1 Be7 27.
f4 O-O 28. f5 e5 29. Nf3 Rfe8 30. Nd5 Bxd5 31. Rxd5 Rd7 32. c3 Rb8 33. Kc2 Rb5
34. Red1 Rdb7 35. Rxb5 Rxb5 36. Ra1 a5 37. b4 axb4 38. cxb4 Rxb4 39. Ra8+ Bf8
40. Nd2 f6 41. Kc3 Rd4 42. b4 d5 43. exd5 Rxd5 44. Nc4 Rb5 45. Nd6 Rb6 46. Ne4
Kf7 47. Ra7+ Kg8 48. Ra8 Kf7 49. Ra7+ Kg8 50. Nc5 Bxc5 51. bxc5 Rb8 52. c6 Rc8
53. c7 e4 54. Rb7 Kf7 55. Kd4 e3 56. Kxe3 Ke7 57. Kd4 Kd6 58. Rb8 Kxc7 59.
Rxc8+ Kxc8 60. Kd5 Kd7 61. h4 h5 62. Kc5 Ke7 63. Kd5 Kf7 64. Kd6 g5 65. fxg6+
Kxg6 66. Ke6 Kg7 67. Kf5 Kf7 68. Ke4 Ke6 69. Kf4 Ke7 70. Kf5 Kf7 71. Ke4 Ke6
72. Kf4 f5 73. Kg5 Ke5 74. Kxh5 Kf6 75. Kh6 f4 76. Kh7 f3 77. h5 f2 78. h6 f1=Q
79. Kg8 Qg1+ 80. Kh8 Qg6 0-1

[Event "Stader SV-USV TU Dresden"]
[Site "DVM U14 in Arendsee"]
[Date "2009.12.28"]
[Round "3.4"]
[White "Vöge, Tobias"]
[Black "Teich, Thomas"]
[Result "0-1"]
[WhiteElo "1488"]
[BlackElo "1496"]
[PlyCount "104"]
[EventDate "2009.??.??"]
[WhiteTeam "Stader SV"]
[BlackTeam "USV TU Dresden"]

1. d4 d5 2. c4 c6 3. Nc3 Nf6 4. Bg5 e6 5. Nf3 h6 6. Bh4 Nbd7 7. e3 Be7 8. Bd3
O-O 9. O-O Re8 10. Rb1 Bd6 11. e4 dxe4 12. Nxe4 Be7 13. Bg3 Nxe4 14. Bxe4 Nf6
15. Bc2 b6 16. b4 Ba6 17. Ne5 Rc8 18. b5 cxb5 19. cxb5 Bb7 20. Nc6 Bxc6 21.
bxc6 Bd6 22. Bh4 g5 23. Bg3 Bxg3 24. fxg3 Kg7 25. Ba4 Rc7 26. Rb4 Qd5 27. Rb5
Qxa2 28. Qb3 Qxb3 29. Rxb3 Rd8 30. Rd1 Nd5 31. Rc1 Ne7 32. Rb4 Rd6 33. Rb2 Nf5
34. Rd1 Rxd4 35. Rxd4 Nxd4 36. Rd2 e5 37. Kf2 b5 38. Bd1 Rxc6 39. Ra2 a6 40.
Ke3 f5 41. Kd3 Kf6 42. h3 Ne6 43. Bb3 Nc5+ 44. Kc3 Nxb3+ 45. Kxb3 e4 46. Re2
Ke5 47. Kb4 f4 48. g4 e3 49. Kb3 Ke4 50. Rc2 Rxc2 51. Kxc2 f3 52. gxf3+ Kxf3
0-1

[Event "SC Reti Heusweiler-SV Empor Erfurt"]
[Site "DVM U14 in Arendsee"]
[Date "2009.12.28"]
[Round "3.1"]
[White "Urban, Lars"]
[Black "Grewenig, Jan"]
[Result "0-1"]
[WhiteElo "1808"]
[BlackElo "1802"]
[PlyCount "126"]
[EventDate "2009.??.??"]
[WhiteTeam "SV Empor Erfurt"]
[BlackTeam "SC Reti Heusweiler"]

1. d4 {[%emt 0:00:00]} Nf6 2. Bg5 e6 3. Nf3 Be7 4. e3 b6 5. Bd3 Bb7 6. O-O O-O
7. c4 c5 8. Nc3 cxd4 9. exd4 d5 10. cxd5 Nxd5 11. Bxe7 Qxe7 12. Re1 Nd7 13.
Nxd5 Bxd5 14. Ne5 Nxe5 15. dxe5 Rfd8 16. Qe2 Rac8 17. a3 g6 18. Qe3 Qc5 19. Qf4
Bc4 20. Bxc4 Qxc4 21. Qf6 Rd2 22. b4 Qd4 23. h3 Rcc2 24. Rf1 Rxf2 25. Rxf2
Qxa1+ 26. Kh2 Rxf2 27. Qxf2 Qxe5+ 28. g3 Qd5 29. h4 e5 30. h5 e4 31. g4 Qe5+
32. Kg2 e3 33. Qe2 Qe4+ 34. Kg3 g5 35. Qd1 h6 36. Qe2 Qf4+ 37. Kh3 f5 38. Qa2+
Kf8 39. Qe6 fxg4+ 40. Kg2 Qf3+ 41. Kg1 g3 42. Qxh6+ Ke7 43. Qxg5+ Ke6 44. Qg6+
Ke5 45. Qg5+ Ke4 46. Qg6+ Kf4 47. Qf7+ Kg4 48. Qg8+ Kh3 49. Qe6+ Qg4 50. Qd5
Qf4 51. Qe6+ Kh4 52. Qe7+ Kg4 53. Qe6+ Kf3 54. Qd5+ Qe4 55. Qf7+ Ke2 56. Qa2+
Kd1 57. Qa1+ Kd2 58. Qb2+ Qc2 59. Qd4+ Ke2 60. Qg4+ Ke1 61. Qh3 Qf2+ 62. Kh1
Qf1+ 63. Qxf1+ Kxf1 0-1

[Event "SC Reti Heusweiler-SV Empor Erfurt"]
[Site "DVM U14 in Arendsee"]
[Date "2009.12.28"]
[Round "3.2"]
[White "Holle, Cedric"]
[Black "Lorenz, Erik"]
[Result "1/2-1/2"]
[WhiteElo "1732"]
[BlackElo "1576"]
[PlyCount "100"]
[EventDate "2009.??.??"]
[WhiteTeam "SC Reti Heusweiler"]
[BlackTeam "SV Empor Erfurt"]

1. e4 c5 2. Nf3 d6 3. d4 cxd4 4. Nxd4 Nf6 5. Nc3 a6 6. Be2 e5 7. Nb3 Be6 8. a4
Be7 9. O-O O-O 10. Be3 d5 11. exd5 Nxd5 12. Nxd5 Qxd5 13. c4 Qxd1 14. Rfxd1 Nc6
15. Nc5 Bxc5 16. Bxc5 Rfd8 17. a5 Rxd1+ 18. Rxd1 Nxa5 19. b4 Nxc4 20. Bf3 Re8
21. Bxb7 a5 22. b5 h6 23. Bc6 Rc8 24. Rc1 a4 25. Ra1 Na5 26. Bd6 Nxc6 27. bxc6
Rxc6 28. Bxe5 Bb3 29. f3 Rc2 30. Bd6 Kh7 31. h3 Kg6 32. Kh2 h5 33. h4 Rd2 34.
Bb4 Rd4 35. Be1 Kf5 36. Kh3 Rd1 37. Rxd1 Bxd1 38. Bb4 Ke6 39. g4 Bxf3 40. g5
Kd5 41. Kg3 Bg4 42. Kf2 Kc4 43. Bf8 Kb3 44. Ke3 Kc2 45. Kd4 Bf5 46. Kc4 g6 47.
Be7 Kb2 48. Bf6+ Ka2 49. Kc3 a3 50. Be7 Be6 1/2-1/2

[Event "SC Reti Heusweiler-SV Empor Erfurt"]
[Site "DVM U14 in Arendsee"]
[Date "2009.12.28"]
[Round "3.3"]
[White "Schneider, Jan"]
[Black "Holle, Eric"]
[Result "1-0"]
[WhiteElo "1524"]
[BlackElo "1630"]
[PlyCount "71"]
[EventDate "2009.??.??"]
[WhiteTeam "SV Empor Erfurt"]
[BlackTeam "SC Reti Heusweiler"]

1. d4 d5 2. c4 e6 3. Nc3 c6 4. c5 b6 5. cxb6 axb6 6. Nf3 Ba6 7. g3 c5 8. Bg2
Nc6 9. O-O Nge7 10. Re1 g6 11. Bg5 h6 12. Bf6 Rh7 13. e4 Qd7 14. dxc5 Ng8 15.
exd5 Nb4 16. Ne5 Qc8 17. d6 Nxf6 18. d7+ Nxd7 19. Nxd7 Qxd7 20. Qxd7+ Kxd7 21.
Bxa8 Bxc5 22. Ne4 Be7 23. Red1+ Kc7 24. Nc3 Bc5 25. a3 Nd3 26. Rd2 Ne5 27. Rad1
Rh8 28. Bg2 Bc8 29. Nb5+ Kb8 30. b4 Be7 31. Rc2 Ba6 32. Nd4 Rd8 33. f4 Bd3 34.
Rxd3 Nxd3 35. Nc6+ Kb7 36. Nxd8+ 1-0

[Event "SC Reti Heusweiler-SV Empor Erfurt"]
[Site "DVM U14 in Arendsee"]
[Date "2009.12.28"]
[Round "3.4"]
[White "Schirra, Felix"]
[Black "Scheuch, Benjamin"]
[Result "1/2-1/2"]
[WhiteElo "1370"]
[BlackElo "1376"]
[PlyCount "34"]
[EventDate "2009.??.??"]
[WhiteTeam "SC Reti Heusweiler"]
[BlackTeam "SV Empor Erfurt"]

1. e4 {[%emt 0:00:00]} e5 2. Nf3 Nc6 3. d4 exd4 4. c3 d5 5. exd5 Qxd5 6. cxd4
Nf6 7. Nc3 Qd8 8. Be2 Bd6 9. h3 h6 10. Be3 Bf5 11. Qd2 Qd7 12. a3 O-O-O 13. b4
g5 14. Nb5 Kb8 15. Nxd6 Qxd6 16. b5 Ne7 17. a4 Ned5 1/2-1/2

[Event "SG Königskinder Hohentübingen-SV Welper "]
[Site "DVM U14 in Arendsee"]
[Date "2009.12.28"]
[Round "3.1"]
[White "Adiyaman, Rene"]
[Black "Estedt, Jonathan"]
[Result "0-1"]
[WhiteElo "1636"]
[BlackElo "1788"]
[PlyCount "86"]
[EventDate "2009.??.??"]
[WhiteTeam "SV Welper 1922"]
[BlackTeam "SG Königskinder Hohentübingen"]

1. e4 {[%emt 0:00:00]} c6 2. d4 d5 3. Nc3 dxe4 4. Nxe4 Nd7 5. Bc4 e6 6. Qe2
Ngf6 7. Nf3 Nxe4 8. Qxe4 Nf6 9. Qe2 c5 10. Be3 cxd4 11. Bxd4 Qa5+ 12. c3 a6 13.
Rd1 Be7 14. O-O Qh5 15. Rfe1 b5 16. Bb3 O-O 17. Qe3 Bb7 18. Ne5 a5 19. Nxf7
Rxf7 20. Bxe6 Nd5 21. Qg3 Qg5 22. Bxf7+ Kxf7 23. Qf3+ Qf4 24. Qh5+ Kg8 25. Qe2
Bd6 26. Qe6+ Kh8 27. g3 Qf8 28. Qd7 Bc8 29. Bxg7+ Qxg7 30. Re8+ Bf8 31. Qxd5
Bb7 32. Qxb5 Rxe8 33. Qxe8 Qf6 34. Rd8 Kg8 35. Qe3 Qxd8 36. Qe2 Qd5 37. Qg4+
Bg7 38. Kf1 Qxa2 39. Qg5 Qb1+ 40. Ke2 Qxb2+ 41. Kf1 Qb1+ 42. Ke2 Qc2+ 43. Qd2
Bf3+ 0-1

[Event "SG Königskinder Hohentübingen-SV Welper "]
[Site "DVM U14 in Arendsee"]
[Date "2009.12.28"]
[Round "3.2"]
[White "Jansen, Lauritz"]
[Black "Marx, Patrick"]
[Result "1-0"]
[WhiteElo "1655"]
[BlackElo "1374"]
[PlyCount "105"]
[EventDate "2009.??.??"]
[WhiteTeam "SG Königskinder Hohentübingen"]
[BlackTeam "SV Welper 1922"]

1. d4 {[%emt 0:00:00]} d5 2. Bf4 Nf6 3. e3 c6 4. c3 Bf5 5. Nf3 e6 6. Nbd2 Nbd7
7. h3 Be7 8. Nh4 Be4 9. Nxe4 Nxe4 10. Nf3 O-O 11. Bd3 Ndf6 12. Ne5 Rc8 13. f3
Nd6 14. g4 Nd7 15. Bg3 Bh4 16. Bxh4 Qxh4+ 17. Ke2 Nxe5 18. dxe5 Nc4 19. Bxc4
dxc4 20. Qe1 Qxe1+ 21. Rhxe1 Rfd8 22. Red1 Kf8 23. Rd4 Rxd4 24. cxd4 Rd8 25.
Kd2 c5 26. Kc3 cxd4+ 27. exd4 Rc8 28. Kb4 Rc6 29. Rc1 Rb6+ 30. Kc3 Ke7 31. Rc2
Ra6 32. Kxc4 Ra4+ 33. Kc3 Kd7 34. b3 Ra5 35. Kd3 b6 36. Ke4 f6 37. f4 fxe5 38.
fxe5 Rd5 39. g5 Rb5 40. h4 Rd5 41. h5 Kd8 42. g6 hxg6 43. hxg6 Rd7 44. Rf2 Ke8
45. Rh2 Re7 46. Rh8+ Kd7 47. Rg8 Kc7 48. d5 exd5+ 49. Kxd5 Kd7 50. e6+ Rxe6 51.
Rxg7+ Re7 52. Rxe7+ Kxe7 53. Kc6 1-0

[Event "SG Königskinder Hohentübingen-SV Welper "]
[Site "DVM U14 in Arendsee"]
[Date "2009.12.28"]
[Round "3.3"]
[White "Krummsdorf, Sven"]
[Black "Müller, Nils Samuel"]
[Result "0-1"]
[WhiteElo "1538"]
[BlackElo "1576"]
[PlyCount "75"]
[EventDate "2009.??.??"]
[WhiteTeam "SV Welper 1922"]
[BlackTeam "SG Königskinder Hohentübingen"]

1. d4 {[%emt 0:00:00]} Nf6 2. c4 g6 3. Nc3 Bg7 4. e4 O-O 5. f3 d6 6. Be3 Nbd7
7. Qd2 e5 8. O-O-O a6 9. dxe5 Nxe5 10. f4 Nc6 11. h3 Bd7 12. Nf3 Re8 13. Bd3
Nb4 14. Bb1 a5 15. g4 Bc6 16. f5 Nxe4 17. Nxe4 Bxe4 18. Rhf1 Bxb1 19. Kxb1 Nc6
20. Bh6 f6 21. fxg6 hxg6 22. g5 f5 23. Qd5+ Kh7 24. Bxg7 Kxg7 25. h4 Qe7 26.
Nd4 Nxd4 27. Qxd4+ Qe5 28. Qf2 Qe4+ 29. Ka1 Qe3 30. Qc2 Re5 31. h5 Rae8 32. h6+
Kh7 33. Qa4 Qxg5 34. Rh1 Qe7 35. Qb3 b6 36. Qc3 Re2 37. Qd4 Qe5 38. Qh4 0-1